| 000 | 00511nam a22001817a 4500 | ||
|---|---|---|---|
| 003 | SISC | ||
| 005 | 20160229151332.0 | ||
| 008 | 130830t xxu||||| |||| 00| 0 eng d | ||
| 020 | _a1568820925 | ||
| 050 |
_aPS 6071 _b.N993 1997 |
||
| 082 |
_aHS 808.83 _bN98 1997 |
||
| 245 |
_aThe Nyarlathotep cycle : _btales about the God of a thousand forms / |
||
| 260 |
_aOakland, CA : _bChaosium Pub, _cc1997. |
||
| 300 |
_a239 p. : _c22 cm. |
||
| 650 |
_aShort stories. _92265 |
||
| 942 |
_2lcc _cBK |
||
| 999 |
_c9993 _d9993 |
||